|
|
|
|
| LEADER |
01720nam a2200361 a 4500 |
| 001 |
EBC1681468 |
| 003 |
MiAaPQ |
| 005 |
20200520144314.0 |
| 006 |
m o d | |
| 007 |
cr cn||||||||| |
| 008 |
070324s2006 ch a sb 001 0 eng d |
| 010 |
|
|
|z 2007310279
|
| 020 |
|
|
|z 9812565051
|
| 020 |
|
|
|z 9789812565051
|
| 035 |
|
|
|a (MiAaPQ)EBC1681468
|
| 035 |
|
|
|a (Au-PeEL)EBL1681468
|
| 035 |
|
|
|a (CaPaEBR)ebr10201275
|
| 035 |
|
|
|a (CaONFJC)MIL191961
|
| 035 |
|
|
|a (OCoLC)879025362
|
| 040 |
|
|
|a MiAaPQ
|c MiAaPQ
|d MiAaPQ
|
| 050 |
|
4 |
|a HG9169
|b .A28 2006
|
| 082 |
0 |
4 |
|a 368/.01/03
|2 22
|
| 245 |
0 |
0 |
|a Actuarial science
|h [electronic resource] :
|b theory and methodology /
|c editor, Hanji Shang.
|
| 260 |
|
|
|a Beijing ;
|a New Jersey :
|b World Scientific Publishing,
|c c2006.
|
| 300 |
|
|
|a xiv, 266 p. :
|b ill.
|
| 504 |
|
|
|a Includes bibliographical references and index.
|
| 505 |
0 |
|
|a Risk models and ruin theory -- Compound risk models and copula decomposition -- Comonotonically additive premium principles and some related topics -- Fuzzy comprehension evaluation and fuzzy information processing for risks -- Application of fuzzy mathematics to actuarial science -- Some applications of financial economics to insurance -- Exploring on the risk profile of China insurance for setting appropriate solvency capital requirement.
|
| 533 |
|
|
|a Electronic reproduction. Ann Arbor, MI : ProQuest, 2015. Available via World Wide Web. Access may be limited to ProQuest affiliated libraries.
|
| 650 |
|
0 |
|a Life insurance
|z China.
|
| 655 |
|
4 |
|a Electronic books.
|
| 700 |
1 |
|
|a Shang, Hanji.
|
| 710 |
2 |
|
|a ProQuest (Firm)
|
| 856 |
4 |
0 |
|u https://ebookcentral.proquest.com/lib/matrademy/detail.action?docID=1681468
|z Click to View
|